[Event "2MCRE_F"]
[Site "?"]
[Date "2003.??.??"]
[Round "?"]
[White "Pytlik, Lesek"]
[Black "Koci, Vladimir"]
[Result "1-0"]
[WhiteElo "2316"]
[BlackElo "2243"]
[PlyCount "93"]
[EventDate "2003.??.??"]
[EventType "corr"]
[SourceDate "2003.09.09"]

1. e4 g6 2. d4 Bg7 3. Nf3 d6 4. Nc3 c6 5. Be2 b5 6. O-O Nd7 7. a3 Bb7 8. Re1
Qc7 9. Bf1 Ngf6 10. e5 dxe5 11. dxe5 Ng4 12. e6 Nde5 13. Nxe5 Nxe5 14. Bf4 O-O
15. Qd4 f6 16. a4 c5 17. Qd7 Qxd7 18. exd7 b4 19. Bxe5 fxe5 20. Ne4 Bxe4 21.
Rxe4 Rad8 22. Bc4+ Kh8 23. Bb5 Rf4 24. Rae1 Rxe4 25. Rxe4 e6 26. c3 bxc3 27.
bxc3 Kg8 28. Kf1 Kf7 29. Rc4 Bf8 30. Ke2 Bd6 31. Kd3 Kf6 32. Rh4 h5 33. Re4 g5
34. f3 h4 35. g3 hxg3 36. hxg3 Ke7 37. Rg4 Kf6 38. Bc6 Bc7 39. Kc4 e4 40. Rxe4
Bxg3 41. Kb5 Ke7 42. Ka6 Kd6 43. Bb5 e5 44. Re2 Bf4 45. Re1 Kc7 46. a5 Bg3 47.
Rd1 1-0